000 00258nam a22001217a 4500
008 181031b xxu||||| |||| 00| 0 eng d
041 _aeng
080 _a710
100 _a45
101 _aART
245 _aThe Art Of Thinking
_cAuld.A
942 _2udc
_cBK
999 _c51248
_d51248